La frontera de arriba en Chile colonial: interacción hispano-indígena en el territorio entre Valdivia y Chiloé e imaginario de sus bordes geográficos, 1600-1800.
Saved in:
| Main Author: | |
|---|---|
| Format: | Book |
| Published: |
Valparaíso, Chile:
Ediciones Universitarias de Valparaíso,
2009.
Valparaíso, Chile: Centro de Investigaciones Diego Barros Arana, 2009. |
| Subjects: | |
| Tags: |
Add Tag
No Tags, Be the first to tag this record!
|
MARC
| LEADER | 00000cam a2200000 a 4500 | ||
|---|---|---|---|
| 001 | UCH1372 | ||
| 003 | CL-VaPUC | ||
| 005 | 20230515150504.0 | ||
| 008 | 230515t2009 ||||| |||| 00| 0 eng d | ||
| 999 | |c 333423 |d 333421 | ||
| 020 | |a 978-956-17-0433-6 | ||
| 040 | |c Pontificia Universidad Católica de Valparaíso | ||
| 082 | 0 | 4 | |a 983.03 URB 2009 |2 21 |
| 100 | 0 | |a Urbina Carrasco, María Ximena |e autor |9 535838 | |
| 245 | 1 | 3 | |a La frontera de arriba en Chile colonial: |b interacción hispano-indígena en el territorio entre Valdivia y Chiloé e imaginario de sus bordes geográficos, 1600-1800. |
| 260 | 0 | 3 | |a Valparaíso, Chile: |b Ediciones Universitarias de Valparaíso, |c 2009. |
| 260 | |a Valparaíso, Chile: |b Centro de Investigaciones Diego Barros Arana, |c 2009. | ||
| 300 | |a 354 páginas | ||
| 500 | |a c.14 Donación Rectoria 2022. | ||
| 583 | |a last modification |c 20131011 05:48:48 |k Rodrigo Vera | ||
| 650 | 0 | |a Historia colonial siglos 17-18 |2 CL-VaPUC |9 535839 | |
| 650 | 0 | |a Indígenas |9 317064 | |
| 650 | 0 | |a Historia de Chile |9 265473 | |
| 650 | 0 | |a Archivo histórico PUCV |9 255554 | |
| 650 | 0 | |a Académicos |x Pontificia Universidad Católica de Valparaíso (PUCV) |9 255553 | |
| 651 | 0 | |a Chile |2 CL-VaPUC |9 254862 | |
| 942 | |c BK |2 ddc | ||
| 945 | |d 20090427 00:00:00 |a rbrito | ||
| 952 | |0 0 |1 0 |2 ddc |4 0 |6 983_030000000000000_URB_2009 |7 0 |8 A |9 421795 |a BIBHIS |b BIBHIS |d 2019-11-22 |i 4540816 |o 983.03 URB 2009 |p 4540816 |r 2025-01-20 |t 4 |w 2019-11-22 |y BK |k HIS | ||
| 952 | |0 0 |1 0 |2 ddc |4 0 |6 983_030000000000000_URB_2009 |7 0 |8 A |9 421796 |a BIBHIS |b BIBHIS |d 2019-11-22 |i 4540824 |o 983.03 URB 2009 |p 4540824 |r 2025-01-20 |t 5 |w 2019-11-22 |y BK |k HIS | ||
| 952 | |0 0 |1 0 |2 ddc |4 0 |6 983_030000000000000_URB_2009 |7 0 |8 A |9 421797 |a BIBHIS |b BIBHIS |d 2019-11-22 |i 4540832 |o 983.03 URB 2009 |p 4540832 |r 2025-01-20 |t 6 |w 2019-11-22 |y BK |k HIS | ||
| 952 | |0 0 |1 0 |2 ddc |4 0 |6 983_030000000000000_URB_2009 |7 0 |8 A |9 421798 |a BIBHIS |b BIBHIS |d 2019-11-22 |i 4540840 |o 983.03 URB 2009 |p 4540840 |r 2025-01-20 |t 7 |w 2019-11-22 |y BK |k HIS | ||
| 952 | |0 0 |1 0 |2 ddc |4 0 |6 983_030000000000000_URB_2009 |7 0 |8 A |9 421799 |a BIBHIS |b BIBHIS |d 2019-11-22 |i 4540859 |l 3 |o 983.03 URB 2009 |p 4540859 |r 2025-01-20 |s 2022-10-24 |t 8 |w 2019-11-22 |y BK |k HIS | ||
| 952 | |0 0 |1 0 |2 ddc |4 0 |6 983_030000000000000_URB_2009 |7 0 |8 A |9 421800 |a BIBHIS |b BIBHIS |d 2019-11-22 |i 4540808 |l 2 |m 3 |o 983.03 URB 2009 |p 4540808 |r 2025-01-20 |s 2024-10-10 |t 3 |w 2019-11-22 |y BK |k HIS | ||
| 952 | |0 0 |1 0 |2 ddc |4 0 |6 983_030000000000000_URB_2009 |7 0 |8 X |9 421801 |a FDOBUD |b FDOBUD |d 2019-11-22 |i 4546865 |o 983.03 URB 2009 |p 4546865 |r 2019-11-22 |t 9 |w 2019-11-22 |y BK_X |k FHP | ||
| 952 | |0 0 |1 0 |2 ddc |4 0 |6 983_030000000000000_URB_2009 |7 0 |8 C |9 421802 |a BIBCUR |b BIBCUR |d 2019-11-22 |i 4555031 |o 983.03 URB 2009 |p 4555031 |r 2025-04-22 |t 10 |w 2019-11-22 |y BK |k CAC | ||
| 952 | |0 0 |1 0 |2 ddc |4 0 |6 983_030000000000000_URB_2009 |7 0 |8 C |9 421803 |a BIBCUR |b BIBCUR |d 2019-11-22 |i 455504K |o 983.03 URB 2009 |p 455504K |r 2025-04-22 |t 11 |w 2019-11-22 |y BK |k CAC | ||
| 952 | |0 0 |1 0 |2 ddc |3 erb |4 0 |6 983_030000000000000_URB_2009 |7 0 |8 A |9 421805 |a BIBING |b BIBING |d 2019-11-22 |i 5018811 |o 983.03 URB 2009 |p 5018811 |r 2023-03-02 |t 12 |w 2019-11-22 |y BK |z Catalogado en:20131018 |k CUI | ||
| 952 | |0 0 |1 0 |2 ddc |3 erb |4 0 |6 983_030000000000000_URB_2009 |7 0 |8 A |9 421806 |a BIBHIS |b BIBHIS |i 5144523 |o 983.03 URB 2009 |p 5144523 |r 2025-01-20 |t 13 |w 2019-11-22 |y BK |z Catalogado en:20150402 |k HIS | ||
| 952 | |0 0 |1 0 |2 ddc |3 erd |4 0 |6 983_030000000000000_URB_2009 |7 0 |8 A |9 421807 |a BIBHIS |b BIBHIS |i 545641K |o 983.03 URB 2009 |p 545641K |r 2025-01-20 |t 2 |w 2019-11-22 |y BK |z Catalogado en:20180316 |k HIS | ||
| 952 | |0 0 |1 0 |2 ddc |4 0 |6 983_030000000000000_URB_2009 |7 0 |8 A |9 590026 |a BIBHIS |b BIBHIS |c GEN |d 2023-05-15 |e Donación |i 5657416 |l 1 |o 983.03 URB 2009 |p 5657416 |r 2025-01-20 |s 2024-12-02 |t 14 |w 2023-05-15 |y BK |k HIS | ||